Modern American Dictionary /

Guardado en:
Detalles Bibliográficos
Autor principal: Stein Jess (Người dịch)
Formato: Libro
Lenguaje:Vietnamese
Publicado: New York : Random House , 1969
Edición:Tái bản lần thứ 12
Materias:
Etiquetas: Agregar Etiqueta
Sin Etiquetas, Sea el primero en etiquetar este registro!
Thư viện lưu trữ: Thư viện Trường CĐ Kỹ Thuật Cao Thắng
LEADER 00616nam a2200193 a 4500
001 TVCDKTCT347
003 Thư viện trường Cao đẳng Kỹ thuật Cao Thắng
005 20050801000000
008 050801
980 \ \ |a Thư viện Trường CĐ Kỹ Thuật Cao Thắng 
024 |a RG_1 #1 eb0 i4 
041 0 # |a vie 
082 # # |a 413.1 /   |b S400J-m 
100 1 # |a Stein Jess,   |e Người dịch 
245 0 0 |a Modern American Dictionary /  |c Stein Jess 
250 # # |a Tái bản lần thứ 12 
260 # # |a New York :  |b Random House ,  |c 1969 
300 # # |a 636tr. ;  |c 16.5cm 
650 # 4 |a Từ điển--Mỹ